| Tag |
First Indicator |
Second Indicator |
Subfields |
| LEADER |
00000cam a2200000 i 4500 |
| 001 |
in00005752421 |
| 005 |
20260326194733.7 |
| 006 |
m o d |
| 007 |
cr |n|---||||| |
| 008 |
130515s2013 ne ob 001 0 eng d |
| 040 |
|
|
|a MERUC
|b eng
|e pn
|c MERUC
|d MHW
|d OPELS
|d N$T
|d YDXCP
|d OCLCF
|d DEBSZ
|d OCLCQ
|d OCLCO
|d UAB
|d OCLCQ
|d LEAUB
|d SFB
|d OCLCO
|d EZ9
|d MEU
|d IDEBK
|d CDX
|d NLE
|d VT2
|d S4S
|d WYU
|d OCLCQ
|d GGVRL
|d YDX
|d UKBTH
|d E7B
|d MUO
|d OCLCQ
|d OCLCO
|d OCLCL
|d CLOUD
|d OCLCO
|d OCLCQ
|d OCLCL
|
| 019 |
|
|
|a 842885688
|a 849927581
|a 880589780
|a 881096690
|a 1024297898
|a 1044728679
|a 1113124532
|a 1153715064
|a 1193553854
|a 1200102384
|a 1235825338
|a 1262683367
|
| 020 |
|
|
|a 9780123984883
|q (electronic bk.)
|
| 020 |
|
|
|a 0123984882
|q (electronic bk.)
|
| 020 |
|
|
|a 1299540716
|q (ebk)
|
| 020 |
|
|
|a 9781299540712
|q (ebk)
|
| 020 |
|
|
|z 9780123979476
|q (hbk.)
|
| 020 |
|
|
|z 0123979471
|
| 020 |
|
|
|a 0123979471
|
| 020 |
|
|
|a 9780123979476
|
| 024 |
3 |
|
|a 9780123979476
|
| 035 |
|
|
|a (OCoLC)843187681
|z (OCoLC)842885688
|z (OCoLC)849927581
|z (OCoLC)880589780
|z (OCoLC)881096690
|z (OCoLC)1024297898
|z (OCoLC)1044728679
|z (OCoLC)1113124532
|z (OCoLC)1153715064
|z (OCoLC)1193553854
|z (OCoLC)1200102384
|z (OCoLC)1235825338
|z (OCoLC)1262683367
|
| 037 |
|
|
|b 00991439
|
| 050 |
|
4 |
|a BF723 .C5
|
| 072 |
|
7 |
|a FAM
|x 011000
|2 bisacsh
|
| 072 |
|
7 |
|a PSY
|x 004000
|2 bisacsh
|
| 072 |
|
7 |
|a PSY
|x 006000
|2 bisacsh
|
| 072 |
|
7 |
|a CHI
|2 ukslc
|
| 072 |
|
7 |
|a JMC
|2 bicssc
|
| 072 |
|
7 |
|a PSC
|2 bicssc
|
| 082 |
0 |
4 |
|a 155.4
|
| 049 |
|
|
|a TXAM
|
| 245 |
0 |
0 |
|a Embodiment and Epigenesis :
|b theoretical and methodological issues in understanding the role of biology within the relational development system.
|n Part A,
|p Philosophical, theoretical, and biological dimensions /
|c volume editors: Richard M. Lerner, Janette B. Benson.
|
| 246 |
3 |
0 |
|a Part A,
|p Philosophical, theoretical, and biological dimensions
|
| 246 |
3 |
0 |
|a Philosophical, theoretical, and biological dimensions
|
| 260 |
|
|
|a Amsterdam ;
|a Boston :
|b Elsevier/Academic Press,
|c 2013.
|
| 300 |
|
|
|a 1 online resource (427 pages)
|
| 336 |
|
|
|a text
|b txt
|2 rdacontent
|
| 337 |
|
|
|a computer
|b c
|2 rdamedia
|
| 338 |
|
|
|a online resource
|b cr
|2 rdacarrier
|
| 490 |
1 |
|
|a Advances in Child Development and Behavior ;
|v v. 44
|
| 500 |
|
|
|a Includes index.
|
| 520 |
|
|
|a Volume 44 of Advances in Child Development and Behavior includes chapters that highlight some the most recent research in the area of embodiment and epigenesis. A wide array of topics are discussed in detail, including cytoplasmic inheritance redux, emergence, self organization and developmental science, and the evolution of intelligent developmental systems. Each chapter provides in-depth discussions, and this volume serves as an invaluable resource for developmental or educational psychology researchers, scholars, and students.
|
| 505 |
0 |
|
|a 1. Introduction: Embodiment and Epigenesis: A View of the Issues / Richard M. Lerner and Janette B. Benson -- 2. Relationism and Relational-Developmental-Systems: A Paradigm for Developmental Science in the Post-Cartesian Era / Willis F. Overton -- 3. Developmental Systems Theory: What Does it Explain, and How Does It Explain It? / James Tabery and Paul Griffiths -- 4. Emergence, Self Organization and Developmental Science / Gary Greenberg, Kristina Schmid and Megan Kiely Mueller -- 5. The Evolution of Intelligent Developmental Systems / Ken Richardson -- 6. Embodiment and Agency: Toward a Holistic Synthesis for Developmental Science / David C. Witherington and Shirley Heying -- 7. The Origins of Variation: Evolutionary Insights from Developmental Science / Robert Lickliter -- 8. Cytoplasmic Inheritance Redux / Evan Charney -- 9. Evolutionary Psychology: A House Built on Sand / Peter Saunders -- 10. A Contemporary View of Genes and Behavior: Complex Systems and Interactions / Douglas Wahlsten -- 11. Genetic Causation: A Cross Disciplinary Inquiry / Sheldon Krimsky -- 12. Pathways by which the interplay of organismic and environmental factors lead to phenotypic variation within and across generations / Lawrence Harper.
|
| 504 |
|
|
|a Includes bibliographical references and indexes.
|
| 546 |
|
|
|a Text in English.
|
| 650 |
|
0 |
|a Child development.
|
| 650 |
|
2 |
|a Child Development
|
| 650 |
|
6 |
|a Enfants
|x Développement.
|
| 650 |
|
7 |
|a FAMILY & RELATIONSHIPS
|x Child Development.
|2 bisacsh
|
| 650 |
|
7 |
|a PSYCHOLOGY
|x Developmental
|x Child.
|2 bisacsh
|
| 650 |
|
7 |
|a PSYCHOLOGY
|x Psychotherapy
|x Child & Adolescent.
|2 bisacsh
|
| 650 |
|
7 |
|a Child development
|2 fast
|
| 655 |
|
7 |
|a Electronic books.
|2 local
|
| 700 |
1 |
|
|a Lerner, Richard M.
|1 https://id.oclc.org/worldcat/entity/E39PBJm9fg4w9gjYdvW9grycfq
|
| 700 |
1 |
|
|a Benson, Janette B.,
|d 1956-
|1 https://id.oclc.org/worldcat/entity/E39PCjCjcMCGByq8TWpqJv89jC
|
| 710 |
2 |
|
|a ScienceDirect (Online service)
|
| 776 |
0 |
8 |
|i Print version:
|a Lerner, Richard M.
|t Embodiment and Epigenesis: Theoretical and Methodological Issues in Understanding the Role of Biology within the Relational Developmental System.
|d San Diego : Elsevier Science, ©2013
|z 9780123979476
|
| 830 |
|
0 |
|a Advances in child development and behavior ;
|v v. 44.
|
| 856 |
4 |
0 |
|u http://proxy.library.tamu.edu/login?url=https://www.sciencedirect.com/science/bookseries/00652407/44
|z Connect to the full text of this electronic book
|t 0
|
| 955 |
|
|
|a Elsevier ScienceDirect 2026-2027
|
| 994 |
|
|
|a 92
|b TXA
|
| 999 |
f |
f |
|i 6e46f706-d8de-4500-b71e-5f9f18485749
|s 8cb07efe-00b2-40e6-be13-37fc4845ae55
|t 0
|
| 952 |
f |
f |
|a Texas A&M University
|b College Station
|c Electronic Resources
|s www_evans
|d Available Online
|t 0
|e BF723 .C5
|h Library of Congress classification
|
| 998 |
f |
f |
|a BF723 .C5
|t 0
|l Available Online
|